Neruda, voz y universo
Uloženo v:
| Hlavní autor: | |
|---|---|
| Médium: | Kniha |
| Jazyk: | španělština |
| Vydáno: |
Santiago
Logos
1988
|
| Témata: | |
| Tagy: |
Přidat tag
Žádné tagy, Buďte první, kdo vytvoří štítek k tomuto záznamu!
|
MARC
| LEADER | 00000nam a2200000 a 4500 | ||
|---|---|---|---|
| 001 | UCW9320 | ||
| 003 | CL-VaPUC | ||
| 005 | 20220808123518.0 | ||
| 008 | 890309e19880000CL |||||||||||||||||spa|d | ||
| 999 | |c 221327 |d 221325 | ||
| 040 | |c Pontificia Universidad Católica de Valparaíso | ||
| 082 | 0 | 4 | |a Ch861.9 |b FER |2 21 |
| 100 | 0 | |a Ferrero, Mario |e author |9 314550 | |
| 245 | 1 | 0 | |a Neruda, voz y universo |
| 260 | |a Santiago |b Logos |c 1988 | ||
| 300 | |a 256 p | ||
| 583 | |a last modification |c 19890309 00:00:00 |k Rodrigo Vera | ||
| 600 | |a Neruda, Pablo, |d 1904-1973 |x Crítica e interpretación |9 875013 | ||
| 942 | |c BK |2 ddc | ||
| 945 | |d 19890309 00:00:00 | ||
| 952 | |0 0 |1 0 |4 0 |6 CH_861_900000000000000_FER_1988 |7 0 |8 A |9 214508 |a FDOPOS |b BIBEDU |d 2019-11-15 |i 2831090 |l 2 |o Ch861.9 FER 1988 |p 2831090 |r 2025-01-22 |s 2020-12-22 |w 2019-11-15 |y BK |k MLH | ||